[Minecraft] - All Items Related to Brewing - Statistics

General Stats
  • This quiz has been taken 60 times
  • The average score is 12 of 17
Answer Stats
Hint Answer % Correct
Modifier ingredient Gunpowder
91%
Modifier ingredient Redstone Dust
91%
Base ingredient Blaze Powder
89%
Modifier ingredient Glowstone Dust
89%
Both Fermented Spider Eye
84%
Base ingredient Nether Wart
82%
Base ingredient Golden Carrot
73%
Base ingredient Spider Eye
70%
Base ingredient Sugar
68%
Base ingredient Rabbit's Foot
68%
Base ingredient Ghast Tear
66%
Base ingredient Pufferfish
61%
Base ingredient Magma Cream
57%
Modifier ingredient Dragon's Breath
55%
Base ingredient Phantom Membrane
55%
Base ingredient Glistering Melon Slice
45%
Base ingredient Turtle Shell
43%
No matching quizzes found
Score Distribution
Percent of People with Each Score
Percentile by Number Answered
Your Score History
You have not taken this quiz